000 00425nam a22001817a 4500
003 MPLRDC
005 20220104113844.0
008 210129b ||||| |||| 00| 0 eng d
082 _a848.1 LSQ-3
100 _a梁实秋等著
245 _a看云集
_c
250 _a第一版
260 _a
_b皇冠出版社
_c1984
300 _b
490 _a皇冠丛书;1043
650 _a现代别集
942 _cBK
_o848.1 LSQ-3
999 _c2886
_d2876